Tropical fruit
| Main Author: | |
|---|---|
| Format: | Book |
| Published: |
Singapore :
Archipelago Press ,
2002
|
| Subjects: |
MARC
| LEADER | 00000cam a2200000 7i4500 | ||
|---|---|---|---|
| 001 | 0000006689 | ||
| 005 | 20070817.0 | ||
| 008 | 070817 | ||
| 020 | |a 9813018763 | ||
| 090 | 0 | 0 | |a 641.346 |b TAT |
| 100 | 1 | |a Tate,Desmond | |
| 245 | 1 | 0 | |a Tropical fruit |c Desmond Tate |
| 260 | |a Singapore : |b Archipelago Press , |c 2002 | ||
| 500 | |a Includes Bibliography | ||
| 650 | 0 | |a Fruit |x Juvenile literature | |
| 999 | |a 0000981040 |b Book |c Adult Collection |e Perbadanan Perpustakaan Awam Johor | ||